000 00300nam a2200121Ia 4500
008 220204s9999 xx 000 0 und d
082 _a504.06
_bWAT
100 _aWatson, Philip J
245 0 _aISO 14000
260 _aUnited Kingdom
_bIRSG
650 _aEnvironmental management systems
942 _cBK
999 _c41652
_d41652